书目信息 |
| 题名: |
岩土工程勘察与地基基础工程检测研究
|
|
| 作者: | 刘克文 , 沈家仁 , 毕海民, 主编 | |
| 分册: | ||
| 出版信息: | 北京 文化发展出版社 2019.09 |
|
| 页数: | 428页 | |
| 开本: | 24cm | |
| 丛书名: | ||
| 单 册: | ||
| 中图分类: | TU412 | |
| 科图分类: | ||
| 主题词: | 岩土工程--yan tu gong cheng--地质勘探--研究 , 地基--di ji--基础 (工程)--质量检验--研究 | |
| 电子资源: | ||
| ISBN: | 978-7-5142-2604-1 | |
| 000 | 01234nam0 2200289 450 | |
| 001 | 0100029221 | |
| 005 | 20211025120205.0 | |
| 010 | @a978-7-5142-2604-1@dCNY60.00 | |
| 100 | @a20210629d2019 em y0chiy50 ea | |
| 101 | 0 | @achi |
| 102 | @aCN@b110000 | |
| 105 | @aa a 000yy | |
| 106 | @ar | |
| 200 | 1 | @a岩土工程勘察与地基基础工程检测研究@Ayan tu gong cheng kan cha yu di ji ji chu gong cheng jian ce yan jiu@f刘克文, 沈家仁, 毕海民主编 |
| 210 | @a北京@c文化发展出版社@d2019.09 | |
| 215 | @a428页@c图@d24cm | |
| 314 | @a刘克文, 云南建投第一勘察设计有限公司总工程师, 注册岩土工程师、一级建造师、正高级工程师。沈家仁, 云南建投第一勘察设计有限公司勘察设计院副院长, 高级工程师, 一级建造师。毕海民, 高级工程师。 | |
| 320 | @a有书目 (第427-428页) | |
| 330 | @a本书主要内容包括: 岩土分类与地下水类型、岩土工程勘察的基本要求及主要类别、工程地质测绘和调查、工程勘探与取样、现场检验和监测等。 | |
| 606 | 0 | @a岩土工程@Ayan tu gong cheng@x地质勘探@x研究 |
| 606 | 0 | @a地基@Adi ji@x基础 (工程)@x质量检验@x研究 |
| 690 | @aTU412@v5 | |
| 701 | 0 | @a刘克文@Aliu ke wen@4主编 |
| 701 | 0 | @a沈家仁@Ashen jia ren@4主编 |
| 701 | 0 | @a毕海民,@Abi hai min@f1977-@4主编 |
| 801 | 0 | @aCN@c20210909 |
| 905 | @a河南城建学院图书馆@dTU412@eL647 | |
| 岩土工程勘察与地基基础工程检测研究/刘克文, 沈家仁, 毕海民主编.-北京:文化发展出版社,2019.09 |
| 428页:图;24cm |
| ISBN 978-7-5142-2604-1:CNY60.00 |
| 本书主要内容包括: 岩土分类与地下水类型、岩土工程勘察的基本要求及主要类别、工程地质测绘和调查、工程勘探与取样、现场检验和监测等。 |
| ● |
| 相关链接 |
|
|
|
正题名:岩土工程勘察与地基基础工程检测研究
索取号:TU412/L647
 
预约/预借
| 序号 | 登录号 | 条形码 | 馆藏地/架位号 | 状态 | 备注 |
| 1 | 1547881 | 215478819 | 建筑库101/101建筑库 94排4列1层/ [索取号:TU412/L647] | 在馆 | |
| 2 | 1547882 | 215478828 | 建筑库101/101建筑库 94排4列1层/ [索取号:TU412/L647] | 在馆 |